| 000 | 00964nam a22002657a 4500 | ||
|---|---|---|---|
| 001 | 32860 | ||
| 003 | UA-OsUOA | ||
| 005 | 20220913164011.0 | ||
| 007 | ta | ||
| 008 | 20050214b un ||||| |||| 00| 0 ukr d | ||
| 040 |
_aUA-OsUOA _brus _cUA-OsUOA _dUA-OsUOA |
||
| 041 | _arus | ||
| 044 | _aRU | ||
| 080 | _a821.161.1 | ||
| 090 |
_a821.161.1 _bТ26 |
||
| 100 | _aТвардовский А. | ||
| 245 |
_aСтихотворения. Поэмы _cА. Твардовский ; вступ. статья А. Македонов |
||
| 260 |
_aМосква _bХудожественная литература _c1971 |
||
| 300 |
_a688 с. _bил. |
||
| 490 |
_aБиблиотека всемирной литературы _vТ. 185 |
||
| 650 | 7 |
_2UDC _a821 Художня література окремими мовами і мовними сім'ями |
|
| 942 |
_cBK _2udc |
||
| 955 | _a3 | ||
| 999 |
_c319313 _d319313 |
||